000
002930000a22001090004500
090
_a
AS
_b
Seriadas
245
1
0
_a
Apuntes Botánicas, IV
041
0
_a
Español
100
1
_a
Romero Castañeda, Rafael
_9
8613
942
_c
ARTICULO
773
1
_t
Mutisia: Acta Botánica Colombiana
_3
893
_h
38
_q
1-18
_d
1972
999
_c
15309
_d
15309